<?xml version="1.0" encoding="UTF-8"?>
<record
    xmlns:xsi="http://www.w3.org/2001/XMLSchema-instance"
    xsi:schemaLocation="http://www.loc.gov/MARC21/slim http://www.loc.gov/standards/marcxml/schema/MARC21slim.xsd"
    xmlns="http://www.loc.gov/MARC21/slim">

  <leader>01902naa a2200241 i 4500</leader>
  <controlfield tag="001">1</controlfield>
  <controlfield tag="003">KOSZ 005</controlfield>
  <controlfield tag="005">20180425121738.0</controlfield>
  <controlfield tag="008">140212s2002    pl     f     |100 0 eng d</controlfield>
  <datafield tag="040" ind1=" " ind2=" ">
    <subfield code="c">BPK</subfield>
    <subfield code="d">KOSZ 005/HR</subfield>
  </datafield>
  <datafield tag="080" ind1=" " ind2=" ">
    <subfield code="a">004.421:621.382.3</subfield>
  </datafield>
  <datafield tag="100" ind1="1" ind2=" ">
    <subfield code="a">ARSOBA, Robert.</subfield>
    <subfield code="d">1996 - .</subfield>
    <subfield code="b">Politechnika Koszali&#x144;ska - Wydzia&#x142; Elektroniki,</subfield>
    <subfield code="c">Katedra In&#x17C;ynierii Komputerowej</subfield>
  </datafield>
  <datafield tag="245" ind1="1" ind2="0">
    <subfield code="a">Investigation of thermal properties of thyristor structures based on genetic algorithm /</subfield>
    <subfield code="c">Robert Arsoba, Zbigniew Suszy&#x144;ski.</subfield>
  </datafield>
  <datafield tag="500" ind1=" " ind2=" ">
    <subfield code="a">Sprawozdanie jednostki (Informator o publikowanych wynikach prac naukowo-badawczych w 2002 roku Wydzia&#x142;u Elektroniki).</subfield>
  </datafield>
  <datafield tag="520" ind1=" " ind2=" ">
    <subfield code="a">In this paper, novel approach to determination of thermal properties of multilayer structures, such as thyristor ones is presented. The method is based on genetic algorithm and analysis of amplitude and phase contrast characteristics in frequency domain. One-dimensional thermal modelling was used in computations. Measurements were carried out using photoacoustic method. Preliminary experimental results for three-layered thyristor structure are presented. Satisfactory accuracy of thermal properties determined by genetic algorithm was obtained.</subfield>
  </datafield>
  <datafield tag="650" ind1=" " ind2="0">
    <subfield code="a">Tyrystory.</subfield>
  </datafield>
  <datafield tag="650" ind1=" " ind2="0">
    <subfield code="a">Algorytmy genetyczne.</subfield>
  </datafield>
  <datafield tag="655" ind1=" " ind2="0">
    <subfield code="a">Materia&#x142;y konferencyjne.</subfield>
  </datafield>
  <datafield tag="700" ind1="1" ind2=" ">
    <subfield code="a">SUSZY&#x143;SKI, Zbigniew.</subfield>
    <subfield code="d">1996 - .</subfield>
    <subfield code="b">Politechnika Koszali&#x144;ska - Wydzia&#x142; Elektroniki,</subfield>
    <subfield code="c">Katedra In&#x17C;ynierii Komputerowej</subfield>
  </datafield>
  <datafield tag="711" ind1=" " ind2=" ">
    <subfield code="a">International Conference on Signals and Electronic Systems ICSES 2002</subfield>
    <subfield code="d">(2002 ;</subfield>
    <subfield code="c">Wroc&#x142;aw / &#x15A;wierad&#xF3;w Zdr&#xF3;j, Polska).</subfield>
    <subfield code="p">ICSES'2002</subfield>
  </datafield>
  <datafield tag="773" ind1="0" ind2=" ">
    <subfield code="i">W :</subfield>
    <subfield code="t">ICSES'2002 : proceedings of the  International Conference on Signals and Electronic Systems, Wroc&#x142;aw - &#x15A;wierad&#xF3;w Zdr&#xF3;j, Poland, 24-27 September 2002 / ed. by R. Makowski. -</subfield>
    <subfield code="d">Wroc&#x142;aw :  Wroc&#x142;awskie Towarzystwo Naukowe, 2002</subfield>
    <subfield code="z"> 8373740015 </subfield>
  </datafield>
  <datafield tag="942" ind1=" " ind2=" ">
    <subfield code="c">ROZ</subfield>
    <subfield code="2">UKD</subfield>
  </datafield>
  <datafield tag="999" ind1=" " ind2=" ">
    <subfield code="c">1</subfield>
    <subfield code="d">1</subfield>
  </datafield>
</record>
